书目信息 |
| 题名: |
摄影手册
|
|
| 作者: | 贺修桂 编著 | |
| 分册: | ||
| 出版信息: | 北京 中国摄影出版社 1992.02 |
|
| 页数: | 678页 | |
| 开本: | 20cm | |
| 丛书名: | ||
| 单 册: | ||
| 中图分类: | TB8-62 | |
| 科图分类: | ||
| 主题词: | 摄影技术 | |
| 电子资源: | ||
| ISBN: | 7-80007-046-8 | |
| 000 | 00572nam0 2200205 45 | |
| 001 | 0012251656 | |
| 005 | 20040927080531.2 | |
| 010 | @a7-80007-046-8@dCNY25.00 | |
| 100 | @a20001225d1992 km y0chiy0120 ea | |
| 101 | 0 | @achi |
| 105 | @a z 000yy | |
| 200 | 1 | @a摄影手册@AShe Ying Shou Ce@f贺修桂等编著@FHe Xiu Gui Deng Bian Zhu |
| 205 | @a2版 | |
| 210 | @a北京@c中国摄影出版社@d1992.02 | |
| 215 | @a678页@c附彩图@d20cm | |
| 606 | 0 | @a摄影技术 |
| 690 | @aTB8-62@v1 | |
| 701 | 0 | @a贺修桂@4编著 |
| 801 | @aCN@bTSTC@c20001225 | |
| 905 | @dTB8-62@e45=2@f1@b294280@f1@b294278 | |
| 摄影手册/贺修桂等编著.-2版.-北京:中国摄影出版社,1992.02 |
| 678页:附彩图;20cm |
| ISBN 7-80007-046-8:CNY25.00 |
| ● |
| 相关链接 |
|
|
|
|
正题名:摄影手册
索取号:TB8-62/45=2
 
预约/预借
| 序号 | 登录号 | 条形码 | 馆藏地/架位号 | 状态 | 备注 |
| 1 | 0294278 | 002942784 | 第三借阅区/ [索取号:TB8-62/45=2] | 在馆 | |
| 2 | 0294279 | 002942793 | 第三借阅区/ [索取号:TB8-62/45=2] | 在馆 | |
| 3 | 0294280 | 002942800 | 第三借阅区/ [索取号:TB8-62/45=2] | 在馆 | |
| 4 | 0294281 | 002942819 | 第三借阅区/ [索取号:TB8-62/45=2] | 在馆 | |
| 5 | 0294282 | 002942828 | 第二样本阅览室/ [索取号:TB8-62/45=2] | 在馆 |